000 00732cam a2200229 a 4500
005 20160212152530.0
008 890622s1972 ck r ????1??spa d
040 _ala
_cla
_dCO-BoIAVH
041 0 _aspa
044 _ack
082 0 4 _a581.634
_bL66p
100 1 _aLópez López, Héctor.
245 1 0 _aPlantas medicinales de Caldas :
_bapuntes para el folclore y Civilización de la guadua /
_cHéctor López López.
260 _aManizales :
_bSéptina Epoca,
_c[1972].
300 _a237 páginas ;
_c21 cm.
504 _aBibliografía : páginas 235-237.
650 6 _aBotánica
_xMedicina
650 6 _aPlantas medicinales
650 6 _aGuadua.
942 _2ddc
_cLIBRO
949 _ac
_bc
999 _c2044
_d2044